Culture Générale #16 - Statistiques

Statistiques générales
  • Ce quiz a été pris 186 fois
    185 depuis la dernière actualisation
  • Le résultat moyen est 10 sur 20
Statistiques - réponses
Questions Réponses % Correct
Combien y'a t'il de paires de côtes sur un corps humain ? 12
89%
Quel est le moteur de recherche le plus utilisé dans le monde ? Google
87%
Quelle planète est surnommée "la planète rouge" ? Mars
87%
Quel est le plus grand pays du monde par sa superficie ? la Russie
84%
Quelle célèbre bataille Napoléon a-t-il perdue en 1815 ? Waterloo
76%
Quelle couleur est associée à l'artiste Yves Klein dans ses œuvres emblématiques ? Bleu
69%
Quel est le sport national en Inde ? le Cricket
65%
Quel empereur romain a été assassiné le 15 mars 44 avant J.-C., un jour connu sous le nom des Ides de Mars ? Jules César
63%
Quelle est la capitale de la Lituanie ? Vilnius
61%
Quelle mer est la plus salée du monde ? la Mer Morte
60%
Quel organe du corps humain est responsable de la production d'insuline ? le Pancréas
59%
Quel entreprise italienne fabricante de tracteur est devenu le principal concurrent de Ferrari suite a une querelle entre son fondateur et Enzo Ferrari ? Lamborghini
47%
Quelle œuvre littéraire commence par « Aujourd’hui, maman est morte » ? L'Etranger
44%
Quel franchise NBA détient le plus grand nombre de titre ? Boston Celtics
29%
Qui est le réalisateur des films "Seven", "Fight Club" et "Zodiac" ? David Fincher
27%
Quelle particule subatomique a une charge électrique négative ? électron
27%
Quel est le nom de la mythologie nordique pour le lieu des dieux, équivalent de l’Olympe grec ? Asgard
18%
Comment se nomme le musée de la ville de Saint-Pétersbourg ? Ermitage
17%
Qui est le peintre du tableau "Les Raboteurs de parquet" ? Gustave Caillebotte
16%
Quelle est le vainqueur du Ballon d'Or 1996 ? Matthias Sammer
12%
Aucun quiz correspondant
Distribution des résultats
% des personnes avec chaque résultat
Percentile par nombre de réponses
Votre historique - résultats
Vous n’avez pas pris ce quiz depuis la dernière actualisation